Central Library OPAC University of Rajshahi
Normal view MARC view

Entry Topical Term

Number of records used in: 2

001 - CONTROL NUMBER

  • control field: 11489

003 - CONTROL NUMBER IDENTIFIER

  • control field: BD-RjUL

005 - DATE AND TIME OF LATEST TRANSACTION

  • control field: 20240206105746.0

008 - FIXED-LENGTH DATA ELEMENTS

  • fixed length control field: 240206|| aca||aabn | a|a d

040 ## - CATALOGING SOURCE

  • Original cataloging agency: BD-RjUL
  • Transcribing agency: BD-RjUL

150 ## - HEADING--TOPICAL TERM

  • Topical term or geographic name entry element: Actresses
  • General subdivision: Fiction

670 ## - SOURCE DATA FOUND

  • Source citation: Work cat.: (BD-RjUL)82971: Bowen, Marjorie, 1888-1952. 11486, Mistress Nell Gwyn :, 1926.